000 00893cam a22002891 4500
001 76471
003 BD-RjUL
005 20211209082840.0
008 191210s1948 enka b 001 0 eng
035 _a(BD-RjUL)76693
040 _aDLC
_cGAT
_dDLC
_beng
041 _aeng
042 _apremarc
082 _223
_a671.7
_bPAF 1948
100 1 _aPage, Sydney F.
_9236226
245 1 0 _aFine surface finish for designers, draughtsmen, engineers, inspectors, mechanics and engineering students.
260 _aLondon,
_bChapman & Hall,
_c1948.
300 _axi, 185 p. :
_billus.;
_c23 cm.
504 _aBibliography: p. 181.
650 0 _aMetals
_xFinishing.
_9236227
650 0 _aSurfaces (Technology)
_9236228
650 0 _aLubrication and lubricants.
_953579
906 _a7
_bcbc
_coclcrpl
_du
_encip
_f19
_gy-gencatlg
942 _2ddc
_cBK
999 _c76471
_d76471